Green library practices among selected academic libraries in Camarines Sur (Record no. 12225)
[ view plain ]
| 000 -LEADER | |
|---|---|
| fixed length control field | 01004nam a22002537a 4500 |
| 003 - CONTROL NUMBER IDENTIFIER | |
| control field | CSPC |
| 005 - DATE AND TIME OF LATEST TRANSACTION | |
| control field | 20250523160301.0 |
| 008 - FIXED-LENGTH DATA ELEMENTS--GENERAL INFORMATION | |
| fixed length control field | 220811t xxu||||| |||| 00| 0 eng d |
| 040 ## - CATALOGING SOURCE | |
| Transcribing agency | CSPC |
| 090 ## - LOCALLY ASSIGNED LC-TYPE CALL NUMBER (OCLC); LOCAL CALL NUMBER (RLIN) | |
| Classification number (OCLC) (R) ; Classification number, CALL (RLIN) (NR) | UTH BLIS Al48g |
| 100 ## - MAIN ENTRY--PERSONAL NAME | |
| Personal name | Aliviado, Alyssa S., |
| Relator term | author. |
| 245 00 - TITLE STATEMENT | |
| Title | Green library practices among selected academic libraries in Camarines Sur |
| Remainder of title | basis for LRDS environmental sustainable plan / |
| Statement of responsibility, etc. | Aliviado, Alyssa S., Acbang, Alona Jean H., Gray, Clark Christian A., Malobo, Jesalyn D., |
| 260 ## - PUBLICATION, DISTRIBUTION, ETC. | |
| Place of publication, distribution, etc. | Nabua, Camarines Sur : |
| Name of publisher, distributor, etc. | Camarines Sur Polytechnic Colleges ; |
| Date of publication, distribution, etc. | 2021. |
| 300 ## - PHYSICAL DESCRIPTION | |
| Extent | 108 leaves |
| 502 ## - DISSERTATION NOTE | |
| Dissertation note | Undergraduate Thesis (BLIS) - Library and Information Science. |
| Name of granting institution | Camarines Sur Polytechnic Colleges, 2021. |
| 520 ## - SUMMARY, ETC. | |
| Summary, etc. | |
| 720 1# - ADDED ENTRY--UNCONTROLLED NAME | |
| Name | Sias, James Nicolo SJ., |
| Relator term | adviser. |
| 720 1# - ADDED ENTRY--UNCONTROLLED NAME | |
| Name | Alegre, Amy A., |
| Relator term | panelist, chairman. |
| 720 1# - ADDED ENTRY--UNCONTROLLED NAME | |
| Name | Volante, Mildred A., |
| Relator term | panelist. |
| 720 1# - ADDED ENTRY--UNCONTROLLED NAME | |
| Name | Regaspi, Jean Maricon |
| Relator term | panelist. |
| 940 ## - EQUIVALENCE OR CROSS-REFERENCE--UNIFORM TITLE [OBSOLETE] [CAN/MARC only] | |
| Uniform title | <a href="Lenie">Lenie</a> |
| 942 ## - ADDED ENTRY ELEMENTS (KOHA) | |
| Koha item type | Unpublished Materials |
| Source of classification or shelving scheme | Dewey Decimal Classification |
| Withdrawn status | Lost status | Source of classification or shelving scheme | Damaged status | Not for loan | Home library | Current library | Shelving location | Date acquired | Total Checkouts | Full call number | Barcode | Date last seen | Copy number | Price effective from | Koha item type |
|---|---|---|---|---|---|---|---|---|---|---|---|---|---|---|---|
| Dewey Decimal Classification | Main Library | Main Library | Undergraduate Thesis Section | 05/12/2023 | UTH BLIS Al48g 2021 | 05638UM | 05/12/2023 | 1-1 | 05/12/2023 | Unpublished Materials |